000 00605nam a2200229Ia 4500
003 OSt
005 20220925212355.0
006 a|||||r|||| 00| 0
007 ta
008 220923b |||||||| |||| 00| 0 eng d
037 _cGeneral Book
040 _aRTL
_cRTL
_beng
041 _2eng
_aeng
082 _aB281, K8
100 _aBreiman Leo
_9243938
245 0 _aProbability
260 _aLondon
_bAddison-Weslwy
_c1968
300 _aix,421p.
_ccm.
490 _aAddison-Wesley Series in Statistics
942 _hB281, K8
_cGB
_2CC
999 _c560227
_d560227